[Event "Titled Tuesday intern op 30th Apr Early"]
[Site "Chess.com INT"]
[Date "2024.04.30"]
[Round "2"]
[White "Mihailidis, Anastasios"]
[Black "Sipos, Stefania Katalin"]
[Result "1-0"]
[WhiteElo "2201"]
[BlackElo "1855"]
[PlyCount "45"]
[EventDate "2024.04.30"]
[EventType "swiss (blitz)"]
[EventRounds "11"]
[EventCountry "USA"]
[SourceTitle "CB19_2024"]
[SourceDate "2024.05.08"]
[SourceVersion "1"]
[SourceVersionDate "2024.05.08"]
[SourceQuality "1"]

1. e4 e5 2. Nf3 Nc6 3. d4 exd4 4. Nxd4 Qf6 5. Nf5 Nge7 6. Ne3 d6 7. Nc3 Be6 8. Be2 0-0-0 9. a4 Kb8 10. Bd2 Nd4 11. Bg4 h5 12. Bxe6 Nxe6 13. a5 a6 14. b4 Qg6 15. 0-0 Ng5 16. f3 h4 17. b5 axb5 18. a6 b6 19. Nxb5 Nc6 20. Nd5 Rd7 21. Qe2 Ne6 22. a7+ Ka8 23. Qc4 1-0

[Event "Titled Tuesday intern op 30th Apr Early"]
[Site "Chess.com INT"]
[Date "2024.04.30"]
[Round "5"]
[White "Nikulina, Alena"]
[Black "Sipos, Stefania Katalin"]
[Result "1-0"]
[WhiteElo "1906"]
[BlackElo "1855"]
[PlyCount "47"]
[EventDate "2024.04.30"]
[EventType "swiss (blitz)"]
[EventRounds "11"]
[EventCountry "USA"]
[SourceTitle "CB19_2024"]
[SourceDate "2024.05.08"]
[SourceVersion "1"]
[SourceVersionDate "2024.05.08"]
[SourceQuality "1"]

1. e4 e5 2. Nf3 Nc6 3. Bb5 a6 4. Ba4 Nf6 5. 0-0 b5 6. Bb3 Bc5 7. c3 d6 8. d4 Bb6 9. h3 h6 10. Re1 0-0 11. a4 Bb7 12. axb5 axb5 13. Na3 b4 14. Nc2 Rxa1 15. Nxa1 Qe7 16. d5 Na5 17. cxb4 Nxb3 18. Nxb3 Rb8 19. Na5 Ba8 20. Nh4 Nh7 21. Nf5 Qf6 22. Qg4 Ba7 23. Bxh6 Kh8 24. Bxg7+ 1-0

[Event "Titled Tuesday intern op 30th Apr Early"]
[Site "Chess.com INT"]
[Date "2024.04.30"]
[Round "8"]
[White "Winkels, Marcel"]
[Black "Sipos, Stefania Katalin"]
[Result "0-1"]
[WhiteElo "1915"]
[BlackElo "1855"]
[PlyCount "102"]
[EventDate "2024.04.30"]
[EventType "swiss (blitz)"]
[EventRounds "11"]
[EventCountry "USA"]
[SourceTitle "CB19_2024"]
[SourceDate "2024.05.08"]
[SourceVersion "1"]
[SourceVersionDate "2024.05.08"]
[SourceQuality "1"]

1. e4 e5 2. Nf3 d5 3. Nc3 dxe4 4. Nxe4 Bd6 5. Nxd6+ cxd6 6. Bc4 Nf6 7. d3 h6 8. 0-0 0-0 9. Re1 Bg4 10. h3 Bh5 11. Be3 Nc6 12. c3 Nd7 13. Bb3 Qf6 14. Bc2 Rfe8 15. g4 Bg6 16. d4 Bxc2 17. dxe5 Bxd1 18. exf6 Bxf3 19. fxg7 Kxg7 20. b4 Nde5 21. b5 Ne7 22. Bd4 N7g6 23. Re3 Bd5 24. a4 Kh7 25. Kf1 Bc4+ 26. Kg2 Nd3 27. Rd1 Rxe3 28. Bxe3 Re8 29. Rd2 d5 30. Bd4 Ngf4+ 31. Kg3 Ne2+ 32. Kg2 Nxd4 33. cxd4 Re4 34. Ra2 Rxd4 35. Re2 Re4 36. Rd2 Nf4+ 37. Kg3 Kg6 38. h4 f5 39. f3 Ne2+ 40. Kf2 Re8 41. h5+ Kg5 42. a5 fxg4 43. fxg4 Kxg4 44. Rb2 Rf8+ 45. Ke3 Kxh5 46. a6 b6 47. Rb1 Kg4 48. Rh1 h5 49. Rh2 Ng3 50. Rg2 h4 51. Rg1 h3 0-1

[Event "Wch U18 Girls"]
[Site "Montesilvano"]
[Date "2023.11.23"]
[Round "10"]
[White "Sipos, Stefania Katalin"]
[Black "Sukyte, Kotryna"]
[Result "0-1"]
[WhiteElo "1932"]
[BlackElo "1651"]
[PlyCount "168"]
[EventDate "2023.11.13"]
[EventType "swiss"]
[EventRounds "11"]
[EventCountry "ITA"]
[SourceTitle "CB48_2023"]
[SourceDate "2023.11.29"]
[SourceVersion "1"]
[SourceVersionDate "2023.11.29"]
[SourceQuality "1"]

1. e4 c5 2. Nf3 a6 3. Nc3 e6 4. d4 cxd4 5. Nxd4 b5 6. g3 Bb7 7. Bg2 b4 8. Na4 Qa5 9. c4 Nf6 10. 0-0 Nc6 11. b3 Be7 12. Re1 0-0 13. e5 Ne8 14. Nf3 d6 15. Be3 Qc7 16. Bb6 Qc8 17. exd6 Nxd6 18. Qd3 Rb8 19. Rad1 Ba8 20. h4 h6 21. Bh3 Ne8 22. Bc5 Bxc5 23. Nxc5 Nf6 24. Nxe6 Re8 25. Nf4 Qc7 26. Bg2 Rxe1+ 27. Rxe1 Rd8 28. Qf5 Qd6 29. Nh5 Nxh5 30. Qxh5 Qd3 31. Ne5 Nxe5 32. Qxe5 Bxg2 33. Kxg2 Qd7 34. Qe4 Qd2 35. Re2 Qd7 36. Qe7 Qxe7 37. Rxe7 Rd2 38. Re4 Rxa2 39. c5 Rc2 40. Rxb4 Rxc5 41. Rb6 Ra5 42. Kf3 g6 43. Ke4 Kg7 44. Kd4 Ra2 45. f3 Rd2+ 46. Ke3 Ra2 47. g4 Ra1 48. g5 hxg5 49. hxg5 Re1+ 50. Kd4 Rd1+ 51. Kc4 Rc1+ 52. Kb4 Ra1 53. Rf6 Ra2 54. f4 Ra1 55. Kc5 Rc1+ 56. Kd4 Rd1+ 57. Kc3 Ra1 58. Kb2 Ra5 59. Kc3 Ra2 60. b4 Ra1 61. Kd4 Rd1+ 62. Kc5 Rc1+ 63. Kd6 Rc4 64. Ke7 Re4+ 65. Kd7 Rxb4 66. f5 a5 67. fxg6 fxg6 68. Re6 Rd4+ 69. Ke8 Rd5 70. Ra6 Rxg5 71. Ra7+ Kh6 72. Ra6 Rf5 73. Ke7 Kg5 74. Kd7 Kh5 75. Ke6 Rb5 76. Kf6 g5 77. Ra8 Kg4 78. Ke6 Kg3 79. Rc8 g4 80. Rc3+ Kh2 81. Rc2+ Kh3 82. Rc8 g3 83. Rh8+ Kg4 84. Kf6 Rf5+ 0-1

[Event "Wch U18 Girls"]
[Site "Montesilvano"]
[Date "2023.11.21"]
[Round "8"]
[White "Sipos, Stefania Katalin"]
[Black "Lunar, Villaman Sofia"]
[Result "1-0"]
[WhiteElo "1932"]
[BlackElo "1305"]
[PlyCount "77"]
[EventDate "2023.11.13"]
[EventType "swiss"]
[EventRounds "11"]
[EventCountry "ITA"]
[SourceTitle "CB48_2023"]
[SourceDate "2023.11.29"]
[SourceVersion "1"]
[SourceVersionDate "2023.11.29"]
[SourceQuality "1"]

1. e4 c5 2. Nf3 Nc6 3. d4 cxd4 4. Nxd4 a6 5. Nc3 Qc7 6. f4 e6 7. Nxc6 bxc6 8. Bd3 d6 9. 0-0 Nf6 10. Qe1 e5 11. fxe5 dxe5 12. Na4 Bd7 13. c4 Qd6 14. Qe3 Qb4 15. b3 c5 16. Bd2 Qb8 17. Nc3 Qd6 18. Nd5 Nxd5 19. cxd5 Bb5 20. Rac1 Be7 21. Bc4 h6 22. Qg3 Bf6 23. Be3 Rc8 24. Qg4 Bd7 25. Qe2 Ra8 26. Bd3 Bg5 27. Bxc5 Qg6 28. Be3 Bh4 29. Rc7 Bd8 30. Rcc1 Bh4 31. Bc5 Bg5 32. Rc2 Bh4 33. Qd2 Bh3 34. Qc3 Bf6 35. Bd6 Qg5 36. Qc6+ Bd7 37. Qxa8+ Bd8 38. Rcf2 Qe3 39. Bxa6 1-0

[Event "Wch U18 Girls"]
[Site "Montesilvano"]
[Date "2023.11.14"]
[Round "2"]
[White "Sipos, Stefania Katalin"]
[Black "Mungunzul, Bat Erdene"]
[Result "0-1"]
[WhiteElo "1932"]
[BlackElo "2111"]
[PlyCount "108"]
[EventDate "2023.11.13"]
[EventType "swiss"]
[EventRounds "11"]
[EventCountry "ITA"]
[SourceTitle "CB48_2023"]
[SourceDate "2023.11.29"]
[SourceVersion "1"]
[SourceVersionDate "2023.11.29"]
[SourceQuality "1"]

1. e4 e5 2. Nf3 Nc6 3. Bb5 a6 4. Ba4 b5 5. Bb3 Bc5 6. 0-0 Nf6 7. c3 d6 8. d4 Bb6 9. a4 Rb8 10. Na3 Bg4 11. axb5 axb5 12. Nxb5 0-0 13. Bc2 Bxf3 14. gxf3 Nh5 15. f4 Nxf4 16. Bxf4 exf4 17. Na3 Ne7 18. Nc4 Ng6 19. Qg4 d5 20. Ne5 dxe4 21. Nc6 Qd6 22. Nxb8 f5 23. Qg5 h6 24. Qh5 f3 25. Kh1 Nf4 26. Qh4 Rxb8 27. Ra6 c6 28. Rfa1 Bd8 29. Qg3 Rxb2 30. Ba4 Bb6 31. Bxc6 g5 32. Bb7 Qc7 33. Ra8+ Kg7 34. Bc8 Kf6 35. h4 Nd3 36. hxg5+ hxg5 37. Qxc7 Nxf2+ 38. Kg1 Nh3+ 39. Kf1 Bxc7 40. R8a6+ Bb6 41. R6a2 Rxa2 42. Rxa2 g4 43. Ra6 g3 44. Rxb6+ Kg5 45. Rb2 e3 46. Ba6 Nf4 47. Bb5 e2+ 48. Bxe2 g2+ 49. Kf2 Nh3+ 50. Kxf3 g1Q 51. Bc4 Qd1+ 52. Kg3 f4+ 53. Kxh3 Qh1+ 54. Rh2 Qf3# 0-1

[Event "Arco op 45th"]
[Site "Arco"]
[Date "2023.10.09"]
[Round "3"]
[White "Foldes, Marton Gabor"]
[Black "Sipos, Stefania Katalin"]
[Result "1-0"]
[WhiteElo "2129"]
[BlackElo "1953"]
[PlyCount "125"]
[EventDate "2023.10.07"]
[EventType "swiss"]
[EventRounds "9"]
[EventCountry "ITA"]
[SourceTitle "Mega2024 Update 01"]
[Source "Chessbase"]
[SourceDate "2023.11.12"]
[SourceVersion "1"]
[SourceVersionDate "2023.11.12"]
[SourceQuality "1"]

1. e4 e5 2. Nf3 Nc6 3. Bb5 a6 4. Ba4 Nf6 5. Nc3 b5 6. Bb3 Bc5 7. d3 d6 8. Nd5 h6 9. c3 Be6 10. 0-0 Bxd5 11. exd5 Ne7 12. d4 exd4 13. Nxd4 0-0 14. Qf3 Bxd4 15. cxd4 Ng6 16. g3 Re8 17. Bc2 Nh7 18. h4 Qf6 19. Qd3 Nhf8 20. a4 b4 21. Bd2 a5 22. Rac1 Ne7 23. Bb3 Ra7 24. Rfe1 Rb8 25. Qe4 Nf5 26. Be3 Rc8 27. Bc2 Nxe3 28. fxe3 Raa8 29. Rf1 Re8 30. Rxf6 Rxe4 31. Bxe4 gxf6 32. Bf5 Ra7 33. b3 Ng6 34. Kf2 Ne7 35. Be4 Kg7 36. Ke2 f5 37. Bg2 Kg6 38. Kd3 Rb7 39. Rf1 Rb8 40. Rc1 Rb7 41. Bf3 Kg7 42. g4 fxg4 43. Bxg4 Ra7 44. e4 f6 45. Rg1 Kh7 46. Kc4 Rb7 47. Be6 Rb8 48. Rf1 Kg7 49. e5 dxe5 50. dxe5 Ng8 51. Rg1+ Kh7 52. Rxg8 Rxg8 53. Bxg8+ Kxg8 54. exf6 Kf7 55. Kb5 Kxf6 56. Kxa5 Ke5 57. Kb5 Kxd5 58. a5 c6+ 59. Kb6 c5 60. a6 c4 61. a7 cxb3 62. a8Q+ Kd4 63. Qa1+ 1-0

[Event "EU-ch U18 Girls rapid"]
[Site "Terme Catez"]
[Date "2023.09.28"]
[Round "5"]
[White "Alexandrova, Angelina"]
[Black "Sipos, Stefania Katalin"]
[Result "1/2-1/2"]
[WhiteElo "1812"]
[BlackElo "1674"]
[PlyCount "103"]
[EventDate "2023.09.28"]
[EventType "swiss (rapid)"]
[EventRounds "9"]
[EventCountry "SLO"]
[SourceTitle "EXT 2024"]
[Source "ChessBase"]
[SourceDate "2023.10.10"]
[SourceVersion "1"]
[SourceVersionDate "2023.10.10"]
[SourceQuality "1"]

1. e4 e5 2. Nf3 Nc6 3. Bb5 a6 4. Bxc6 dxc6 5. 0-0 f6 6. d4 exd4 7. Qxd4 Qxd4 8. Nxd4 c5 9. Nb3 Be6 10. Nc3 0-0-0 11. Be3 b6 12. Rfd1 Bd6 13. Nd5 Ne7 14. Nxe7+ Bxe7 15. f3 Bd6 16. c3 f5 17. Nd2 h6 18. exf5 Bxf5 19. Nc4 Rhe8 20. Nxd6+ cxd6 21. Kf2 d5 22. b4 d4 23. cxd4 cxb4 24. d5 Kb7 25. d6 g5 26. h4 Re6 27. hxg5 hxg5 28. Bxg5 Rdxd6 29. g4 Bc2 30. Rxd6 Rxd6 31. Bf4 Rd7 32. g5 a5 33. Rg1 Bg6 34. Be3 a4 35. f4 b3 36. axb3 axb3 37. Bc1 Rc7 38. Kf3 Rxc1 39. Rxc1 b2 40. Re1 b1Q 41. Rxb1 Bxb1 42. Kg4 Kc6 43. f5 Kd6 44. g6 Ke7 45. Kg5 Kf8 46. Kf6 Kg8 47. Ke6 b5 48. Ke5 b4 49. Kd4 b3 50. Kc3 Bc2 51. f6 Bxg6 52. Kxb3 1/2-1/2

[Event "EU-ch U18 Girls rapid"]
[Site "Terme Catez"]
[Date "2023.09.28"]
[Round "2"]
[White "Mihaljevic, Eva"]
[Black "Sipos, Stefania Katalin"]
[Result "1-0"]
[WhiteElo "1750"]
[BlackElo "1674"]
[PlyCount "57"]
[EventDate "2023.09.28"]
[EventType "swiss (rapid)"]
[EventRounds "9"]
[EventCountry "SLO"]
[SourceTitle "EXT 2024"]
[Source "ChessBase"]
[SourceDate "2023.10.10"]
[SourceVersion "1"]
[SourceVersionDate "2023.10.10"]
[SourceQuality "1"]

1. e4 e5 2. Nf3 Nc6 3. Bc4 Bc5 4. c3 Nf6 5. d4 exd4 6. e5 d5 7. Bb5 Ne4 8. cxd4 Bb6 9. Nc3 Bg4 10. Be3 0-0 11. h3 Bh5 12. Qc2 Nxc3 13. bxc3 f6 14. Bxc6 Bxf3 15. gxf3 bxc6 16. f4 Qe7 17. Qa4 Qe6 18. Qa6 fxe5 19. fxe5 Qc8 20. Qxc8 Raxc8 21. Kd2 Rf3 22. h4 Re8 23. Ke2 Rff8 24. f4 Ba5 25. Kd3 Rb8 26. Rab1 Kf7 27. Rb3 Ke6 28. h5 Rf5 29. Rxb8 1-0

[Event "HUN-ch U16/18 Girls"]
[Site "Buek"]
[Date "2023.06.21"]
[Round "3"]
[White "Farkas, Boglarka"]
[Black "Sipos, Stefania Katalin"]
[Result "0-1"]
[WhiteElo "1599"]
[BlackElo "1882"]
[PlyCount "70"]
[EventDate "2023.06.17"]
[EventType "swiss"]
[EventRounds "9"]
[EventCountry "HUN"]
[SourceTitle "CBM 215 Extra"]
[Source "ChessBase"]
[SourceDate "2023.09.30"]
[SourceVersion "1"]
[SourceVersionDate "2023.09.30"]
[SourceQuality "1"]

1. e4 e5 2. Nf3 Nc6 3. Bc4 Bc5 4. c3 Nf6 5. d3 Bb6 6. Nbd2 d6 7. Nf1 Ne7 8. Ng3 Ng6 9. 0-0 0-0 10. Bb3 h6 11. h3 c6 12. d4 exd4 13. cxd4 d5 14. e5 Ne4 15. Ne2 Nh4 16. Nxh4 Qxh4 17. Nf4 Qe7 18. Be3 Bf5 19. Bc2 Bh7 20. Kh2 Rfd8 21. Nd3 f6 22. Qe2 Bc7 23. f4 c5 24. Nxc5 Nxc5 25. Bxh7+ Kxh7 26. dxc5 fxe5 27. fxe5 d4 28. Qd3+ Kh8 29. Bf4 Bxe5 30. b4 Bxf4+ 31. Rxf4 Qe5 32. g3 a5 33. Re4 Qd5 34. Rd1 axb4 35. Rd2 Rxa2 0-1

[Event "HUN-ch U20 Girls"]
[Site "Budapest"]
[Date "2023.02.22"]
[Round "4"]
[White "Harkai, Emma"]
[Black "Sipos, Stefania Katalin"]
[Result "0-1"]
[WhiteElo "1829"]
[BlackElo "1814"]
[PlyCount "116"]
[EventDate "2023.02.20"]
[EventType "swiss"]
[EventRounds "9"]
[EventCountry "HUN"]
[SourceTitle "EXT 2024"]
[Source "ChessBase"]
[SourceDate "2023.10.10"]
[SourceVersion "1"]
[SourceVersionDate "2023.10.10"]
[SourceQuality "1"]

1. e4 e5 2. Nf3 Nc6 3. Bb5 a6 4. Ba4 Nf6 5. d3 b5 6. Bb3 Bc5 7. Bg5 h6 8. Bh4 d6 9. h3 g5 10. Bg3 Na5 11. c3 Nxb3 12. axb3 Qe7 13. b4 Bb6 14. Nbd2 Nh5 15. Nf1 Nf4 16. Rg1 c6 17. Ne3 d5 18. Qd2 dxe4 19. dxe4 Bc7 20. Qc2 Be6 21. Nd2 0-0 22. Bxf4 exf4 23. Ng4 f5 24. Nh2 Bd5 25. 0-0-0 fxe4 26. Rde1 Rfe8 27. Ng4 Kg7 28. f3 e3 29. Nb3 Bxb3 30. Qxb3 a5 31. g3 axb4 32. cxb4 Ra1+ 33. Kc2 Rxe1 34. Rxe1 Qe6 35. Qc3+ Be5 36. Nxe5 Qxe5 37. Qxc6 Qf5+ 38. Kb3 Qd3+ 39. Ka2 Qc4+ 40. Qxc4 bxc4 41. gxf4 gxf4 42. Kb1 Rb8 43. Kc2 Rxb4 44. Re2 Rb3 45. h4 Kf6 46. Rg2 Rd3 47. Re2 Ke5 48. Rg2 Kd4 49. Rg4 e2 50. Rxf4+ Ke3 51. Rxc4 Rd2+ 52. Kb3 Rd4 53. Rc6 Kf2 54. Rc2 Kxf3 55. Rc3+ Ke4 56. Rc6 Ke3 57. Kc2 e1Q 58. Re6+ Re4 0-1

[Event "Arco op 44th"]
[Site "Arco"]
[Date "2022.10.16"]
[Round "9"]
[White "Higatsberger, Michael"]
[Black "Sipos, Stefania Katalin"]
[Result "1/2-1/2"]
[WhiteElo "2005"]
[BlackElo "1811"]
[PlyCount "75"]
[EventDate "2022.10.08"]
[EventType "swiss"]
[EventRounds "9"]
[EventCountry "ITA"]
[SourceTitle "CBM 210 Extra"]
[Source "ChessBase"]
[SourceDate "2022.11.30"]
[SourceVersion "1"]
[SourceVersionDate "2022.11.30"]
[SourceQuality "1"]

1. e4 e5 2. Nf3 Nc6 3. d4 exd4 4. Nxd4 Bc5 5. Nb3 Bb6 6. Nc3 Qf6 7. Qe2 Nge7 8. Be3 d6 9. 0-0-0 0-0 10. g3 Be6 11. Bg2 Ne5 12. h3 Nc4 13. Bxb6 axb6 14. Nd4 b5 15. Kb1 Ra5 16. Qf3 Qe5 17. Qf4 b4 18. Nce2 Rfa8 19. Nc1 Nc6 20. Qxe5 N6xe5 21. Nxe6 fxe6 22. f4 Nc6 23. Rhe1 e5 24. f5 Nd4 25. Bf1 b5 26. Bxc4+ bxc4 27. Re3 b3 28. cxb3 cxb3 29. Nxb3 Rxa2 30. Nxd4 Ra1+ 31. Kc2 Rxd1 32. Kxd1 exd4 33. Rb3 Re8 34. Rb7 c5 35. Rd7 Rxe4 36. Rxd6 Re3 37. Rd5 Rxg3 38. Rxc5 1/2-1/2